| 000 | 00715nam a2200241 a 4500 | ||
|---|---|---|---|
| 001 | 000006998 | ||
| 003 | DO-SdBNP | ||
| 005 | 20260120073950.0 | ||
| 008 | 090904s2001 dr 001 0 spa d | ||
| 040 |
_aDO-SdBNP _bspa _cBNPHU |
||
| 082 |
_a248.4 _bJ91t |
||
| 100 | 1 |
_aJuanes, Benigno _d1916-2009 _9442 |
|
| 245 | 1 | 0 |
_aTras las huellas de Cristo : _b(vivir lo que somos) / _cBenigno Juanes. |
| 260 |
_aSanto Domingo : _bAmigo del Hogar, _c2001. |
||
| 300 |
_a175 p. ; _c21 cm. |
||
| 490 | 1 |
_aSenda ; _v3 |
|
| 590 | _aInventariado, 2018/BT | ||
| 650 | 0 |
_aVida cristiana _9668 |
|
| 650 | 0 |
_aVida espiritual _9268 |
|
| 830 | 0 |
_aSenda ; _n3 _919460 |
|
| 910 | _aValidado. Control de calidad. EMS | ||
| 942 |
_2ddc _cLBS1 |
||
| 999 |
_c6782 _d6782 |
||